Specifika a postupy. Privatizace veřejného sektoru.
Špecifické črty privatizácie v tzv. verejnom sektore. V odvetviach verejného sektora dôjde k výraznejšiemu metodickému i časovému oddeleniu deetatizácie a privatizácie, modifikovaný bude aj postup prípravy privatizácie. Pred spracovaním privatizačných projektov sa spracúvajú strategické štúdie a ich...
Gespeichert in:
| 1. Verfasser: | |
|---|---|
| Format: | Buchkapitel |
| Sprache: | Tschechisch |
| Schlagworte: | |
| Tags: |
Keine Tags, Fügen Sie das erste Tag hinzu!
|
MARC
| LEADER | 00000naa a2200000 4500 | ||
|---|---|---|---|
| 001 | r006038 | ||
| 005 | 20221125080240.0 | ||
| 041 | 0 | |a cze | |
| 044 | |a [CS] | ||
| 245 | 1 | 0 | |a Specifika a postupy. |b Privatizace veřejného sektoru. |c K. Čáp |
| 520 | |a Špecifické črty privatizácie v tzv. verejnom sektore. V odvetviach verejného sektora dôjde k výraznejšiemu metodickému i časovému oddeleniu deetatizácie a privatizácie, modifikovaný bude aj postup prípravy privatizácie. Pred spracovaním privatizačných projektov sa spracúvajú strategické štúdie a ich závery sa predložia ako zásady štátnej politiky verejného sektora vláde ČR. | ||
| 610 | 2 | 0 | |a privatizácia |
| 610 | 2 | 0 | |a sektor verejný |
| 610 | 2 | 0 | |a podnik štátny |
| 610 | 2 | 0 | |a deetatizácia |
| 610 | 2 | 0 | |a Čechy |
| 610 | 2 | 0 | |a politika hospodárska |
| 100 | 1 | |a Čáp, K. | |